000
00324nam a2200157Ia 4500
100
_a
Ganssle/jack
650
_a
Embedded
942
_c
RB
366
_f
25
245
_a
Embedded systems:World class designs
260
_b
Elsevier
_c
2008
082
_a
3.3
_b
GAN
300
_a
563
546
_a
ENGLISH
_c
TTL
999
_c
22110
_d
22110